| 000 | 00741nam a2200229Ii 4500 | ||
|---|---|---|---|
| 003 | JO-AjNU | ||
| 008 | 230605s9999||||xx |||||||||||||| ||und|| | ||
| 017 | _a2002/10865 | ||
| 020 | _a966-01-7846-2 | ||
| 040 |
_aJO-AjNU _bara _erda _cJO-AjNU |
||
| 041 | _aara | ||
| 050 | 1 | 4 | _aPJ7850.U612.W37 2002 |
| 100 | 3 |
_aتأليف موسى،محجوب, _eauthor _915388 |
|
| 245 | 0 | 0 | _aورد..وحجارة |
| 264 | 3 | 1 | _aالقاهرة:الهيئة المصرية العامة للكتاب،2002 |
| 300 | _a110ص | ||
| 336 |
_atext _btxt _2rdacontent |
||
| 337 |
_aunmediated _bn _2rdamedia |
||
| 338 |
_avolume _bnc _2rdacarrier |
||
| 490 | 0 | _aسلسلة الإبداع الشعري المعاصر 12 | |
| 650 | 4 |
_aالشعر العربي _915389 |
|
| 999 |
_aA4334 _c7902 _d7902 |
||